LEADER 01330nam a2200277 4500 001 000000360753 003 CaOOAMICUS 005 20241120122352.0 008 241118s2024 it a 000 u ita r 020 $a978-88-00-00517-3 040 $aSeMil$bita 245 03$aIl popolo di Dio e la luce :$blinee guida per la presentazione di progetti illuminotecnici in luoghi di culto. 264 1$aMilano :$bITL,$c2024. 300 $a117 p. :$bill. ;$c24 cm 500 $aAi pič del front.: Commissione per l'Arte Sacra e i Beni Culturali dell'Arcidiocesi di Milano 541 0 $aOmaggio mons. Mario Delpini (3P III 558) 650 4$aBeni culturali ecclesiastici - Conservazione, gestione, valorizzazione e tutela.$0(OLS)http://semarc/subject/19652 650 4$aLuoghi di culto - Guide.$0(OLS)http://semarc/subject/50706 850 $aSeMil 852 $aSeMil$W1$xVenegono$y1$m3P III 558$j252451$B251760$CSeMilBibl$Z2$F251760 $81 941 1 $a7 961 $aOmaggio mons. Mario Delpini 996 $6020$a978-88-00-00517-3$9(OLS)http://semarc/number/301808 996 $6245$aIl popolo di Dio e la luce :$blinee guida per la presentazione di progetti illuminotecnici in luoghi di culto$9(OLS)http://semarc/title/451300 996 $6264$aMilano :$bITL$9(OLS)http://semarc/publisher/30648 LEADER 01138nam a2200277 i 4500 001 000000123888 003 CaOOAMICUS 005 20040308000000.0 008 040308s1986 it u000 u ita u 013 $a96584 040 $aSeMil$bita 245 13$aIl palazzo del quirinale /$c[a cura di Bruno Brizzi ; testi di Antonio Casanova, Gemma Cortese Di Domenico ]. 250 $a2. ed. 260 $aRoma :$bCasa Editrice Colombo,$c1986. 300 $a144 p. :$briccamente ill. ;$c28 cm. 500 $aFondo Card. C.M. Martini. 650 4$aRoma - Palazzo del Quirinale.$0(OLS)http://semarc/subject/23774 700 1 $aBrizzi, Bruno.$0(OLS)http://semarc/name/51448 700 1 $aDi Domenico Cortese, Gemma.$0(OLS)http://semarc/name/51450 700 1 $aCasanova, Antonio.$0(OLS)http://semarc/name/51449 850 $aSeMil 852 $aSeMil$W1$xVenegono$y1$m5K VII 32$j78526$B78526$CSeMilBibl$Z2$F80770 $81 941 1 $a4 961 $aOmaggio: Martini Card. Carlo Maria 996 $6245$aIl palazzo del quirinale$9(OLS)http://semarc/title/182221 996 $6260$aRoma :$bCasa Editrice Colombo$9(OLS)http://semarc/publisher/36288